Central Library OPAC University of Rajshahi

شمال افريقيا بين الماضى والحاضر والمستقبل ;; shamal afriqia bayn almadaa walhadir walmustaqbal/ (Record no. 79312)

MARC details
000 -LEADER
fixed length control field 01130nam a2200253 a 4500
001 - CONTROL NUMBER
control field 79312
003 - CONTROL NUMBER IDENTIFIER
rucl marc code BD-RjUL
005 - DATE AND TIME OF LATEST TRANSACTION
control field 20220202134452.0
008 - FIXED-LENGTH DATA ELEMENTS--GENERAL INFORMATION
fixed length control field 060210s1954 ua 000 0 ara d
035 ## - SYSTEM CONTROL NUMBER
System control number (BD-RjUL)79312
040 ## - CATALOGING SOURCE
Original cataloging agency NNL
Language of cataloging ara
Transcribing agency BD-RjUL
041 ## - LANGUAGE CODE
Language code of text/sound track or separate title ara
082 ## - DEWEY DECIMAL CLASSIFICATION NUMBER
Edition number 23
Classification number 970.04
Author mark and year SHS 1954
100 1# - MAIN ENTRY--PERSONAL NAME
Personal name Shakir, Amin ;; شاكر، امين
9 (RLIN) 1090
245 10 - TITLE STATEMENT
Title شمال افريقيا بين الماضى والحاضر والمستقبل ;; shamal afriqia bayn almadaa walhadir walmustaqbal/
Statement of responsibility, etc. اشترك فى اعداد هذا الكتاب امين شاكر [و]سعيد العريان [و]مصطفى أمين.;; aishtarak faa aedad hadha alkitab amyn shakir [w]saeid aleuryan [w]mustafaa 'amin.
260 ## - PUBLICATION, DISTRIBUTION, ETC. (IMPRINT)
Place of publication, distribution, etc. مصر :
Name of publisher, distributor, etc. دار المعارف،;; dar almaearifi,
Date of publication, distribution, etc. [١٩٥٤].
300 ## - PHYSICAL DESCRIPTION
Pagination ٢٠٤، [٢]ص.
490 1# - SERIES STATEMENT
Series statement aikhtarna lak ; اخترنا لك ؛
Volume/sequential designation ٨
651 #4 - SUBJECT ADDED ENTRY--GEOGRAPHIC NAME
Geographic name Africa, North
General subdivision History
Chronological subdivision 1882-
9 (RLIN) 1091
700 1# - ADDED ENTRY--PERSONAL NAME
Personal name Al-Arian, happy ;; العريان، سعيد
Personal name Amin, Mustafa ;; امين، مصطفى
830 #0 - SERIES ADDED ENTRY--UNIFORM TITLE
Uniform title اخترنا لك ؛
Volume number/sequential designation ٨.
942 ## - ADDED ENTRY ELEMENTS (KOHA)
Source of classification or shelving scheme Dewey Decimal Classification
Koha item type Books
Holdings
Lost status Source of classification or shelving scheme Damaged status Not for loan Collection code Permanent Location Current Location Shelving location Date acquired Total Checkouts Full call number Date last seen Copy number Koha item type
  Dewey Decimal Classification   Not For Loan Non-fiction Central Library, University of Rajshahi Central Library, University of Rajshahi Reading Room 02/02/2022   A 970.04 SHS 1954 02/02/2022 C-1 Books